• 首页
  • 本馆介绍
  • 公告通知
  • 最新文献
  • 馆藏检索
  • 电子资源
  • 读者导购
  • 参考咨询
  • 我的图书馆
  • 登录
  • 详细信息显示
  • 放入我的书架
  • 预约/预借图书
  • 作者相关作品
  • 分类相关作品
  • 丛书相关作品
  • 出版社相关作品

书目信息

  • 表格格式
  • 工作单格式
  • 卡片格式
题名:
三路华拳
    
 
作者: 蔡龙云 著
分册:  
出版信息: 北京   人民体育出版社  1959
页数: 61页
开本: 19cm
丛书名:
单 册:
中图分类: G852.1
科图分类:
主题词: 武术 , 民族形式体育
电子资源:
ISBN:
000 00553nam0 2200217 45
001 0405061398
005 20040506133821.3
010    @dCNY0.18
091    @a7015.820
100    @a20040506d1959 km y0chiy0120 ea
101 0  @achi
105    @aa z 000yy
200 1  @a三路华拳@ASan Lu Hua Quan@f蔡龙云著@FCai Long Yun Zhu
210    @a北京@c人民体育出版社@d1959
215    @a61页@c插图@d19cm
606 0  @a武术
606 0  @a民族形式体育
690    @aG852.1@v3
701  0 @a蔡龙云@4著
801    @aCN@bTSTCL@c20040506
905    @f1@b105859@dG852.1@e10
    
    三路华拳/蔡龙云著.-北京:人民体育出版社,1959
    61页:插图;19cm
    
    
    ISBN :CNY0.18
    
●
相关链接 在E读中查询图书 在五车中查询图书 在当当中查询图书 在豆瓣中查询图书


正题名:三路华拳     索取号:G852.1/10         预约/预借

序号 登录号 条形码 馆藏地/架位号 状态 备注
1 0105859   000993009   第一样本阅览室/ [索取号:G852.1/10] 在馆    
唐山师范学院图书馆 欢迎您!
大连网信软件有限公司© 版权所有